000
00401nam a22001217a 4500
003
SGT
082
_a
200
_b
S16R
100
_a
राठौर, हनुमान सिंह
245
_a
सवा लाख से एक लड़ाऊँ
260
_b
अखिल भारतीय राष्ट्रीय शैक्षिक महासंघ
_c
2016
300
_a
160
942
_2
ddc
_c
BK
999
_c
31707
_d
31707